[Event "Quebec op"]
[Site "Montreal CAN"]
[Date "2004.07.17"]
[Round "1"]
[White "Malette, Martin"]
[Black "Leriche, Felix"]
[Result "1/2-1/2"]
[WhiteElo "2039"]
[BlackElo "2111"]
[PlyCount "35"]
[GameId "2160767911094981"]
[EventDate "2004.07.17"]
[EventType "swiss"]
[EventRounds "9"]
[EventCountry "CAN"]

1. e4 e6 2. d4 d5 3. Nc3 Bb4 4. e5 c5 5. a3 Bxc3+ 6. bxc3 Ne7 7. Qg4 Qc7 8. Qxg7 Rg8 9. Qxh7 cxd4 10. Kd1 dxc3 11. Nf3 Nbc6 12. Bd3 Bd7 13. h4 O-O-O 14. Bg5 Rh8 15. Qxf7 Rdf8 16. Qg7 Rhg8 17. Qh7 Rh8 18. Qg7 1/2-1/2

[Event "Quebec op"]
[Site "Montreal CAN"]
[Date "2004.07.17"]
[Round "1"]
[White "Masse, Hugues"]
[Black "Burnett, Ronald"]
[Result "0-1"]
[WhiteElo "2143"]
[BlackElo "2439"]
[PlyCount "84"]
[GameId "2160767911094982"]
[EventDate "2004.07.17"]
[EventType "swiss"]
[EventRounds "9"]
[EventCountry "CAN"]
[SourceTitle "CBM 101 Extra"]
[Source "ChessBase"]
[SourceDate "2004.09.01"]
[SourceVersion "2"]
[SourceVersionDate "2004.09.01"]
[SourceQuality "1"]

1. d4 e6 2. c4 b6 3. e4 Bb7 4. Bd3 f5 5. Qe2 Nf6 6. Bg5 fxe4 7. Bxe4 Nc6 8. Nf3 Be7 9. Bc2 Nb4 10. Bb3 O-O 11. O-O Nh5 12. Bxe7 Nf4 13. Qxe6+ dxe6 14. Bxd8 Raxd8 15. Nbd2 Nbd3 16. d5 exd5 17. cxd5 Bxd5 18. Bxd5+ Rxd5 19. Nc4 Nh3+ 20. gxh3 Rxf3 21. Kg2 Rf4 22. Ne3 Rg5+ 23. Ng4 h5 24. Rad1 Ne5 25. Kg3 Rgxg4+ 26. hxg4 Rxg4+ 27. Kh3 Ng6 28. f4 Nxf4+ 29. Rxf4 Rxf4 30. Rd7 Rc4 31. b3 Rc5 32. Kh4 a5 33. a3 Kh7 34. b4 axb4 35. axb4 Rc2 36. Kxh5 Rxh2+ 37. Kg4 Rc2 38. Kh5 Rc4 39. Kg5 Kg8 40. Rd8+ Kf7 41. Rd7+ Ke6 42. Rxg7 Kd6 0-1

[Event "Quebec op"]
[Site "Montreal CAN"]
[Date "2004.07.17"]
[Round "1"]
[White "Moskvitch, Andrei"]
[Black "Zafirov, Stephane"]
[Result "0-1"]
[WhiteElo "2127"]
[BlackElo "2050"]
[PlyCount "84"]
[GameId "2160767911094983"]
[EventDate "2004.07.17"]
[EventType "swiss"]
[EventRounds "9"]
[EventCountry "CAN"]

1. e4 e5 2. Nf3 Nc6 3. Bb5 Nd4 4. Nxd4 exd4 5. c3 Bc5 6. b4 Bb6 7. Bb2 Qg5 8. Qe2 Qxg2 9. Rf1 c6 10. Bc4 d6 11. cxd4 Bh3 12. d5 Ne7 13. Nc3 Qxf1+ 14. Qxf1 Bxf1 15. Kxf1 O-O 16. dxc6 bxc6 17. b5 Rab8 18. bxc6 Bxf2 19. Na4 Rb4 20. Rc1 Bb6 21. Bb3 Rxe4 22. Nxb6 axb6 23. d3 Rf4+ 24. Kg2 Rc8 25. c7 Kf8 26. Kg3 Rf5 27. Bd4 Rb5 28. Kf3 Nd5 29. Ba4 Rb4 30. Bd7 Rxc7 31. Rxc7 Nxc7 32. Bc3 Rh4 33. Kg3 Rh5 34. Bd4 b5 35. Bb6 Ne6 36. Bc6 Ke7 37. d4 b4 38. Bf3 Rb5 39. Ba7 Ra5 40. Bb6 Ra6 41. d5 Rxb6 42. dxe6 fxe6 0-1

[Event "Quebec op"]
[Site "Montreal CAN"]
[Date "2004.07.17"]
[Round "1"]
[White "Plante, Michel"]
[Black "Ramaswamy, Kishor"]
[Result "1-0"]
[WhiteElo "2009"]
[BlackElo "2094"]
[PlyCount "58"]
[GameId "2160767911094984"]
[EventDate "2004.07.17"]
[EventType "swiss"]
[EventRounds "9"]
[EventCountry "CAN"]

1. d4 d5 2. Nf3 Nf6 3. e3 e6 4. Bd3 Nbd7 5. Nbd2 Be7 6. Qe2 c5 7. c3 b6 8. Ne5 Nxe5 9. dxe5 Nd7 10. f4 Bb7 11. Qg4 g5 12. Qh5 Qc7 13. Nf3 gxf4 14. exf4 O-O-O 15. Qxf7 Nf8 16. Qh5 d4 17. cxd4 c4 18. Be2 Bb4+ 19. Kf2 Ng6 20. Be3 Ne7 21. a3 Ba5 22. Bxc4 Qd7 23. Qf7 Bd5 24. Bxd5 exd5 25. b4 Rdf8 26. Qh5 Nf5 27. bxa5 Qb5 28. Rac1+ Kb7 29. a6+ Qxa6 1-0

[Event "Quebec op"]
[Site "Montreal CAN"]
[Date "2004.07.17"]
[Round "1"]
[White "Robidas, Francois"]
[Black "Caire, Francois"]
[Result "0-1"]
[WhiteElo "1959"]
[BlackElo "2126"]
[PlyCount "70"]
[GameId "2160767911094985"]
[EventDate "2004.07.17"]
[EventType "swiss"]
[EventRounds "9"]
[EventCountry "CAN"]

1. e4 c5 2. c3 d5 3. exd5 Qxd5 4. d4 Nc6 5. Nf3 Bg4 6. dxc5 Qxd1+ 7. Kxd1 e5 8. b4 a5 9. b5 Nd8 10. Be2 f6 11. Be3 Rc8 12. c6 bxc6 13. b6 Ne7 14. Nbd2 Nd5 15. Kc2 Rb8 16. Nc4 a4 17. Bd3 Ne6 18. h3 Bh5 19. Rab1 Nc5 20. Bf5 Bf7 21. Nfd2 g6 22. Bd3 Nxd3 23. Kxd3 g5 24. Ne4 Bg6 25. f3 f5 26. Bxg5 fxe4+ 27. fxe4 h6 28. Nxe5 hxg5 29. Nxg6 Rh6 30. Nxf8 Nf4+ 31. Kc4 Kxf8 32. Rhf1 Ke7 33. Rf2 Re6 34. g3 Rxe4+ 35. Kc5 Nd3+ 0-1

[Event "Quebec op"]
[Site "Montreal CAN"]
[Date "2004.07.17"]
[Round "1"]
[White "Sullivan, Neil"]
[Black "Chabot, Roland"]
[Result "1/2-1/2"]
[WhiteElo "2092"]
[BlackElo "2267"]
[PlyCount "39"]
[GameId "2160767911094987"]
[EventDate "2004.07.17"]
[EventType "swiss"]
[EventRounds "9"]
[EventCountry "CAN"]
[SourceTitle "CBM 101 Extra"]
[Source "ChessBase"]
[SourceDate "2004.09.01"]
[SourceVersion "2"]
[SourceVersionDate "2004.09.01"]
[SourceQuality "1"]

1. e4 e5 2. Bc4 Nf6 3. d3 Nc6 4. Nc3 Bb4 5. Nge2 d5 6. exd5 Nxd5 7. O-O Nxc3 8. Nxc3 Bxc3 9. bxc3 O-O 10. Re1 Na5 11. Ba3 Re8 12. Bb5 c6 13. Ba4 b5 14. Bb3 Nxb3 15. axb3 a5 16. Qf3 Qd5 17. Qxd5 cxd5 18. f3 Bd7 19. Kf2 f6 20. Ke2 1/2-1/2

[Event "Quebec op"]
[Site "Montreal CAN"]
[Date "2004.07.17"]
[Round "1"]
[White "Voskanyan, Vahagn"]
[Black "McDonough, Jonathan"]
[Result "0-1"]
[WhiteElo "2271"]
[BlackElo "2184"]
[PlyCount "118"]
[GameId "2160767911094988"]
[EventDate "2004.07.17"]
[EventType "swiss"]
[EventRounds "9"]
[EventCountry "CAN"]
[SourceTitle "CBM 101 Extra"]
[Source "ChessBase"]
[SourceDate "2004.09.01"]
[SourceVersion "2"]
[SourceVersionDate "2004.09.01"]
[SourceQuality "1"]

1. Nf3 e6 2. c4 d5 3. d4 Be7 4. Nc3 Nf6 5. Qc2 O-O 6. Bf4 c5 7. e3 dxc4 8. Bxc4 a6 9. dxc5 Bxc5 10. O-O b5 11. Bd3 Bb7 12. Ne4 Nxe4 13. Bxe4 Bxe4 14. Qxe4 Nd7 15. Rfd1 Nf6 16. Qc2 Qb6 17. Rac1 Be7 18. Be5 h6 19. Nd4 Nd5 20. e4 Bf6 21. Nf3 Bxe5 22. Nxe5 Nf6 23. h3 Rad8 24. Rxd8 Rxd8 25. Nc6 Rd7 26. Ne5 Rd8 27. b4 Rd4 28. Qc8+ Rd8 29. Qc2 Rd4 30. Re1 Qd8 31. Nc6 Rd2 32. Qc5 Qd3 33. Ne5 Qc2 34. Qe7 Rxf2 35. Qxf7+ Kh8 36. Qg6 Kg8 37. Nf7 Ng4 38. Qxg4 Rxf7 39. Rd1 Qf2+ 40. Kh1 Qxa2 41. Qg6 Qc4 42. Rd8+ Rf8 43. Rd7 Qf1+ 44. Kh2 Qf4+ 45. Qg3 Rf7 46. Rd8+ Kh7 47. Rd6 Qxe4 48. Rxa6 Rf6 49. Qc3 Rf1 50. Ra2 Qf4+ 51. g3 Qe4 52. Rg2 Kg6 53. Qd2 Qb1 54. g4 Rh1+ 55. Kg3 Qb3+ 56. Kf4 Rxh3 57. Re2 Qg3+ 58. Ke4 Qxg4+ 59. Ke5 Rh5+ 0-1

[Event "Quebec op"]
[Site "Montreal CAN"]
[Date "2004.07.17"]
[Round "1"]
[White "Wilkin, Alain"]
[Black "Rousseau, Daniel"]
[Result "0-1"]
[WhiteElo "2049"]
[BlackElo "2125"]
[PlyCount "106"]
[GameId "2160767911094989"]
[EventDate "2004.07.17"]
[EventType "swiss"]
[EventRounds "9"]
[EventCountry "CAN"]

1. e4 e5 2. Nf3 Nc6 3. Bb5 a6 4. Ba4 Nf6 5. O-O b5 6. Bb3 Bc5 7. d3 d6 8. c3 h6 9. a4 Rb8 10. axb5 axb5 11. d4 Bb6 12. dxe5 dxe5 13. Qxd8+ Nxd8 14. Nxe5 O-O 15. Nd2 Re8 16. Nef3 Nxe4 17. Nxe4 Rxe4 18. Bc2 Re8 19. Bd3 Bd7 20. Nd4 Bxd4 21. cxd4 Nc6 22. Bf4 Nb4 23. Rfd1 Ra8 24. Rxa8 Rxa8 25. Be4 Re8 26. Bd2 Rxe4 27. Bxb4 Re2 28. Bc3 c6 29. h3 Be6 30. Re1 Rc2 31. Ra1 Bd5 32. Re1 g5 33. Ra1 Kg7 34. Re1 Kg6 35. Re3 f5 36. Re1 f4 37. Ra1 h5 38. Re1 g4 39. hxg4 hxg4 40. Ra1 Kf5 41. Re1 Be4 42. Kf1 Bd3+ 43. Kg1 Be2 44. Kh2 Ke4 45. Ra1 Kd5 46. Ra8 Bd3 47. Rd8+ Kc4 48. Rg8 Rxc3 49. bxc3 Kxc3 50. Rxg4 b4 51. Rxf4 b3 52. Rf6 Be4 53. Rf8 b2 0-1

[Event "Quebec op"]
[Site "Montreal CAN"]
[Date "2004.07.17"]
[Round "1"]
[White "Yao, Sammy"]
[Black "Rosen, Matthew"]
[Result "0-1"]
[WhiteElo "1939"]
[BlackElo "2067"]
[PlyCount "80"]
[GameId "2160767911094990"]
[EventDate "2004.07.17"]
[EventType "swiss"]
[EventRounds "9"]
[EventCountry "CAN"]

1. e4 c5 2. Nf3 d6 3. d4 cxd4 4. Nxd4 Nf6 5. Nc3 a6 6. f3 e6 7. Be3 b5 8. Qd2 Nbd7 9. g4 Nb6 10. a3 Bb7 11. Qf2 Nfd7 12. O-O-O Rc8 13. Nb3 d5 14. exd5 Nxd5 15. Nxd5 Bxd5 16. Kb1 Qc7 17. Bg2 Bd6 18. Rhe1 O-O 19. f4 Nf6 20. h3 Bxg2 21. Qxg2 Bxf4 22. Bc5 Rfd8 23. Rxd8+ Rxd8 24. Bb4 Nd5 25. Ba5 Qc6 26. Qe4 Rc8 27. Nd4 Qc4 28. b3 Nc3+ 29. Bxc3 Qxc3 30. Nf5 Bg5 31. Nd4 Bf6 32. Rd1 h6 33. Rd3 Qc5 34. b4 Qc4 35. Rd2 Rd8 36. Rd3 Bxd4 37. c3 Qb3+ 38. Kc1 Qxa3+ 39. Kb1 Qb3+ 40. Kc1 Bf6 0-1

[Event "Quebec op"]
[Site "Montreal CAN"]
[Date "2004.07.18"]
[Round "2"]
[White "Bachand-Fleurent, Julien"]
[Black "Anastasovski, Nikola"]
[Result "1-0"]
[WhiteElo "2075"]
[BlackElo "2225"]
[PlyCount "130"]
[GameId "2160767911094991"]
[EventDate "2004.07.17"]
[EventType "swiss"]
[EventRounds "9"]
[EventCountry "CAN"]
[SourceTitle "CBM 101 Extra"]
[Source "ChessBase"]
[SourceDate "2004.09.01"]
[SourceVersion "2"]
[SourceVersionDate "2004.09.01"]
[SourceQuality "1"]

1. e4 e5 2. Nf3 Nc6 3. d4 exd4 4. Bc4 Bc5 5. Ng5 Nh6 6. Nxf7 Nxf7 7. Bxf7+ Kf8 8. Qh5 Bb4+ 9. Bd2 Qf6 10. Bb3 d6 11. O-O Bxd2 12. Nxd2 Be6 13. f4 Qf7 14. Qb5 Nd8 15. e5 Bxb3 16. Nxb3 a6 17. Qa4 c5 18. exd6 b6 19. Rae1 Ra7 20. Re5 Qd7 21. Qc4 Qf7 22. Qe2 Nc6 23. Qe4 Nxe5 24. fxe5 Qxf1+ 25. Kxf1 g6 26. e6 h5 27. Qe5 Rhh7 28. Qf6+ Rhf7 29. exf7 Rxf7 30. Qxf7+ Kxf7 31. Nd2 Ke6 32. Ne4 c4 33. Kf2 b5 34. Nc5+ Kxd6 35. Nxa6 Ke5 36. Nc7 b4 37. Na6 b3 38. axb3 cxb3 39. cxb3 g5 40. Nc5 Kd5 41. Nd3 Ke4 42. Ke2 h4 43. h3 Kf5 44. b4 g4 45. b5 gxh3 46. gxh3 Ke6 47. b6 Kd6 48. b7 Kc7 49. Nc5 Kb8 50. Kd3 Ka7 51. Kxd4 Kb8 52. Kd5 Kc7 53. b4 Kb8 54. Ke4 Ka7 55. Kf4 Kb8 56. Kg4 Ka7 57. Kxh4 Kb8 58. Kg5 Ka7 59. h4 Kb8 60. h5 Ka7 61. h6 Kb8 62. h7 Ka7 63. Kf5 Kb6 64. b8=Q+ Kc6 65. Qb7+ Kd6 1-0

[Event "Quebec op"]
[Site "Montreal CAN"]
[Date "2004.07.18"]
[Round "2"]
[White "Barsov, Alexei"]
[Black "Bolduc, Steve"]
[Result "1-0"]
[WhiteElo "2497"]
[BlackElo "2255"]
[PlyCount "57"]
[GameId "2160767911094992"]
[EventDate "2004.07.17"]
[EventType "swiss"]
[EventRounds "9"]
[EventCountry "CAN"]
[SourceTitle "CBM 101 Extra"]
[Source "ChessBase"]
[SourceDate "2004.09.01"]
[SourceVersion "2"]
[SourceVersionDate "2004.09.01"]
[SourceQuality "1"]

1. d4 Nf6 2. c4 e6 3. Nc3 Bb4 4. Qc2 Nc6 5. Nf3 d6 6. Bd2 e5 7. dxe5 dxe5 8. a3 Bxc3 9. Bxc3 Qe7 10. b4 e4 11. Nd4 e3 12. fxe3 Ne5 13. Nf5 Bxf5 14. Qxf5 Nfd7 15. c5 Nc4 16. Bd4 Nxe3 17. Qd3 Qh4+ 18. Kd2 Nxf1+ 19. Raxf1 O-O-O 20. Kc3 Kb8 21. Rxf7 Nf6 22. Rf1 Qg4 23. e3 Qxg2 24. Kb3 Rhe8 25. c6 Rxe3 26. Qxe3 Qxf1 27. Bxa7+ Ka8 28. cxb7+ Kxb7 29. Qb6+ 1-0

[Event "Quebec op"]
[Site "Montreal CAN"]
[Date "2004.07.18"]
[Round "2"]
[White "Bolduc, Rene"]
[Black "Molloy, Francis"]
[Result "1-0"]
[WhiteElo "1473"]
[BlackElo "1340"]
[PlyCount "95"]
[GameId "2160767911094993"]
[EventDate "2004.07.17"]
[EventType "swiss"]
[EventRounds "9"]
[EventCountry "CAN"]
[SourceTitle "EXT 2009"]
[Source "ChessBase"]
[SourceDate "2008.11.26"]
[SourceVersion "1"]
[SourceVersionDate "2008.11.26"]
[SourceQuality "1"]

1. d4 d5 2. c4 e6 3. Nf3 Nf6 4. Bg5 Be7 5. Nc3 dxc4 6. e3 O-O 7. Bxc4 a6 8. a4 Nc6 9. O-O Nd7 10. Ne4 Bxg5 11. Nfxg5 h6 12. Nf3 Nb6 13. Rc1 Bd7 14. Nc5 Nxc4 15. Rxc4 b6 16. Nxd7 Qxd7 17. Qc2 Na7 18. Ne5 Qd6 19. Rxc7 Rfc8 20. Rxa7 Rxc2 21. Rxa8+ Kh7 22. Rh8+ Kxh8 23. Nxf7+ Kh7 24. Nxd6 Rxb2 25. g3 Ra2 26. Rb1 Rxa4 27. Rxb6 Ra1+ 28. Kg2 a5 29. h4 a4 30. h5 a3 31. Ra6 a2 32. Ra8 g5 33. Ra7+ Kg8 34. Ne4 Kf8 35. g4 Ke8 36. Nc5 e5 37. Ne4 exd4 38. exd4 Re1 39. Nf6+ Kf8 40. Rxa2 Re6 41. Nd7+ Ke7 42. Ne5 Rd6 43. Kf3 Rf6+ 44. Ke3 Ke8 45. f3 Kd8 46. Ra7 Ke8 47. Rg7 Ra6 48. Rg6 1-0

[Event "Quebec op"]
[Site "Montreal CAN"]
[Date "2004.07.18"]
[Round "2"]
[White "Burnett, Ronald"]
[Black "Gravel, Simon M"]
[Result "1-0"]
[WhiteElo "2439"]
[BlackElo "2256"]
[PlyCount "129"]
[GameId "2160767911094994"]
[EventDate "2004.07.17"]
[EventType "swiss"]
[EventRounds "9"]
[EventCountry "CAN"]
[SourceTitle "CBM 101 Extra"]
[Source "ChessBase"]
[SourceDate "2004.09.01"]
[SourceVersion "2"]
[SourceVersionDate "2004.09.01"]
[SourceQuality "1"]

1. e4 e5 2. Bc4 Nf6 3. d3 Nc6 4. Nf3 Bc5 5. Bb3 d6 6. c3 a6 7. O-O Ba7 8. Nbd2 O-O 9. Re1 Be6 10. Nf1 h6 11. Ng3 Re8 12. h3 Qd7 13. Be3 Rad8 14. Bxa7 Nxa7 15. d4 Bxb3 16. Qxb3 Qb5 17. Qc2 Nc6 18. a4 Qb6 19. d5 Ne7 20. a5 Qa7 21. b4 c6 22. c4 cxd5 23. cxd5 Rc8 24. Qb2 Nd7 25. Rec1 g6 26. Nd2 Rxc1+ 27. Rxc1 Rc8 28. Rxc8+ Nxc8 29. Qc3 Qb8 30. h4 h5 31. Ngf1 Na7 32. Nc4 Qc7 33. Qd3 Nb5 34. Nfd2 Qd8 35. g3 Kg7 36. Kg2 Kg8 37. Na3 Nxa3 38. Qxa3 Qc7 39. Qd3 Kf8 40. Nc4 Nf6 41. f3 Ke8 42. Qb3 Kf8 43. Kf2 Ke7 44. Ke2 Qc8 45. Kf2 Qh3 46. Ne3 Qc8 47. Qd3 Qc1 48. Qc2 Qxc2+ 49. Nxc2 Ne8 50. Ne3 Ng7 51. g4 Kf6 52. g5+ Ke7 53. Kg3 Ne8 54. f4 f6 55. gxf6+ Kxf6 56. Nc4 exf4+ 57. Kxf4 Kf7 58. e5 dxe5+ 59. Kxe5 Ke7 60. d6+ Kd7 61. Nb6+ Kd8 62. Nd5 Ng7 63. Nf4 g5 64. hxg5 h4 65. Ne6+ 1-0

[Event "Quebec op"]
[Site "Montreal CAN"]
[Date "2004.07.18"]
[Round "2"]
[White "Caire, Francois"]
[Black "Voskanyan, Vahagn"]
[Result "0-1"]
[WhiteElo "2126"]
[BlackElo "2334"]
[PlyCount "115"]
[GameId "2160767911094995"]
[EventDate "2004.07.17"]
[EventType "swiss"]
[EventRounds "9"]
[EventCountry "CAN"]

1. d4 Nf6 2. c4 g6 3. Nc3 d5 4. Nf3 Bg7 5. e3 O-O 6. Be2 c6 7. O-O Nbd7 8. b3 Ne4 9. Bb2 Ndf6 10. Ne5 Nxc3 11. Bxc3 Ne4 12. Bb2 Qa5 13. Qe1 Qb6 14. f3 Nf6 15. Ba3 Re8 16. Bd3 Be6 17. Rf2 Nd7 18. f4 f6 19. Nxd7 Bxd7 20. f5 Bxf5 21. Bxf5 gxf5 22. Rxf5 Qa6 23. Qc1 Rad8 24. Bb2 e6 25. Rh5 Rd7 26. Qc2 f5 27. g4 Rf7 28. Rf1 Qa5 29. Bc3 Qd8 30. gxf5 Qf6 31. Rf2 exf5 32. Rhxf5 Qg6+ 33. Kf1 Rxf5 34. Qxf5 Rxe3 35. Qxg6 hxg6 36. Bb2 Rd3 37. cxd5 cxd5 38. Ke2 Rh3 39. Kd2 Bf8 40. Ke2 Kg7 41. Kf1 Bd6 42. Kg1 Rd3 43. Kg2 g5 44. Bc1 Kg6 45. Rd2 Rc3 46. Bb2 Re3 47. Bc1 g4 48. Rf2 Re4 49. Bb2 a6 50. Kg1 Bf4 51. Kg2 Kg5 52. Rc2 Re1 53. Bc3 Rd1 54. Re2 Rd3 55. Bb2 Kf5 56. Rf2 Rh3 57. Kg1 Ke4 58. Rg2 0-1

[Event "Quebec op"]
[Site "Montreal CAN"]
[Date "2004.07.18"]
[Round "2"]
[White "Feoktistov, Dmitri"]
[Black "Audet-Bouchard, Nicolas"]
[Result "0-1"]
[WhiteElo "2235"]
[BlackElo "2089"]
[PlyCount "84"]
[GameId "2160767911094996"]
[EventDate "2004.07.17"]
[EventType "swiss"]
[EventRounds "9"]
[EventCountry "CAN"]

1. d4 Nf6 2. c4 e6 3. Nc3 Bb4 4. Nf3 b6 5. Bg5 h6 6. Bh4 Bb7 7. e3 Bxc3+ 8. bxc3 d6 9. Be2 Nbd7 10. O-O g5 11. Bg3 Ne4 12. Qc2 Qe7 13. Nd2 Nxd2 14. Qxd2 h5 15. h3 O-O-O 16. f3 f5 17. e4 g4 18. exf5 gxh3 19. gxh3 Rdg8 20. Kh2 Rxg3 21. Kxg3 Rg8+ 22. Kh2 Qh4 23. Qe1 Qf4+ 24. Kh1 Rg3 25. Rf2 Rxh3+ 26. Kg1 Qh4 27. Rh2 Rxh2 28. Qxh4 Rxh4 29. fxe6 Nf6 30. d5 Rf4 31. Kf2 Rf5 32. Rg1 Ne8 33. Rg8 Kd8 34. Bd3 Rf6 35. Bg6 Rxg6 36. Rxg6 Ba6 37. Rh6 Bxc4 38. Rxh5 Bxa2 39. Ke3 Nf6 40. Rf5 Ke7 41. Rg5 Nxd5+ 42. Kd4 c5+ 0-1

[Event "Quebec op"]
[Site "Montreal CAN"]
[Date "2004.07.18"]
[Round "2"]
[White "Fillion, Steve"]
[Black "Sullivan, Neil"]
[Result "0-1"]
[WhiteElo "2169"]
[BlackElo "2092"]
[PlyCount "104"]
[GameId "2160767911094997"]
[EventDate "2004.07.17"]
[EventType "swiss"]
[EventRounds "9"]
[EventCountry "CAN"]
[SourceTitle "CBM 101 Extra"]
[Source "ChessBase"]
[SourceDate "2004.09.01"]
[SourceVersion "2"]
[SourceVersionDate "2004.09.01"]
[SourceQuality "1"]

1. d4 d5 2. Nf3 Nf6 3. c4 e6 4. Nc3 Be7 5. Bg5 h6 6. Bh4 O-O 7. e3 Nbd7 8. Rc1 b6 9. cxd5 exd5 10. Bd3 Bb7 11. O-O Ne4 12. Bxe7 Qxe7 13. Qe2 c5 14. Ba6 Nxc3 15. Rxc3 cxd4 16. Nxd4 Bxa6 17. Qxa6 Nc5 18. Qa3 Qd7 19. Rfc1 Rfc8 20. f3 a5 21. b3 Ne6 22. Nc6 Nc5 23. Nd4 Ne6 24. Ne2 Rxc3 25. Rxc3 d4 26. exd4 Nxd4 27. Qb2 Re8 28. Rd3 Nxe2+ 29. Qxe2 Rxe2 30. Rxd7 Rxa2 31. Rd8+ Kh7 32. Rb8 Rb2 33. Rxb6 a4 34. h3 axb3 35. Kh2 f6 36. Kg3 Rb1 37. Kf4 Kg6 38. g4 b2 39. h4 h5 40. gxh5+ Kxh5 41. Rb8 Kg6 42. Rb7 Kh6 43. Kf5 Kh7 44. Rb8 Rf1 45. Rxb2 Rxf3+ 46. Ke4 Rc3 47. Rb5 g6 48. Rb6 Kg7 49. Kf4 f5 50. Rb4 Kh6 51. Ke5 Kh5 52. Kf6 Rg3 0-1

[Event "Quebec op"]
[Site "Montreal CAN"]
[Date "2004.07.18"]
[Round "2"]
[White "Garcia, Gildardo"]
[Black "Castaneda, Nelson"]
[Result "1-0"]
[WhiteElo "2461"]
[BlackElo "2288"]
[PlyCount "126"]
[GameId "2160767911094998"]
[EventDate "2004.07.17"]
[EventType "swiss"]
[EventRounds "9"]
[EventCountry "CAN"]
[SourceTitle "CBM 101 Extra"]
[Source "ChessBase"]
[SourceDate "2004.09.01"]
[SourceVersion "2"]
[SourceVersionDate "2004.09.01"]
[SourceQuality "1"]

1. e4 e5 2. Nf3 Nc6 3. Bb5 a6 4. Ba4 Nf6 5. O-O Be7 6. Re1 b5 7. Bb3 d6 8. c3 O-O 9. d4 Bg4 10. Be3 d5 11. exd5 exd4 12. Bxd4 Nxd4 13. cxd4 Bb4 14. Nc3 Bxc3 15. bxc3 Nxd5 16. Qd3 Nf4 17. Qe4 Bxf3 18. Qxf3 Ng6 19. Re4 a5 20. Qf5 a4 21. Bc2 c6 22. g3 Qc8 23. Qc5 Qd7 24. Re3 f5 25. f4 Rf6 26. Bd3 Rd8 27. Rae1 h6 28. a3 Qd6 29. Re8+ Rxe8 30. Rxe8+ Kf7 31. Ra8 Ne7 32. Ra7 Qxc5 33. dxc5 g5 34. c4 gxf4 35. cxb5 cxb5 36. Bxb5 fxg3 37. hxg3 f4 38. g4 Rg6 39. Bd7 Rg5 40. c6 Rc5 41. c7 Kf6 42. Ra6+ Kg5 43. Rc6 Rd5 44. c8=Q Nxc8 45. Bxc8 Rd3 46. Rg6+ Kh4 47. Kf2 Rxa3 48. Rxh6+ Kg5 49. Rh5+ Kg6 50. Bf5+ Kf6 51. Bc2 Ke6 52. Rc5 Ra1 53. Kf3 a3 54. Ra5 Rf1+ 55. Ke4 Kf6 56. Bd3 Rf2 57. Bc4 f3 58. Rf5+ Kg6 59. Rxf3 a2 60. Ra3 Kg5 61. Ke3 Rh2 62. Be2 Rh3+ 63. Bf3 Rh2 1-0

[Event "Quebec op"]
[Site "Montreal CAN"]
[Date "2004.07.18"]
[Round "2"]
[White "Khassanov, Marat"]
[Black "Barbeau, Sylvain"]
[Result "1/2-1/2"]
[WhiteElo "2344"]
[BlackElo "2404"]
[PlyCount "96"]
[GameId "2160767911094999"]
[EventDate "2004.07.17"]
[EventType "swiss"]
[EventRounds "9"]
[EventCountry "CAN"]
[SourceTitle "CBM 101 Extra"]
[Source "ChessBase"]
[SourceDate "2004.09.01"]
[SourceVersion "2"]
[SourceVersionDate "2004.09.01"]
[SourceQuality "1"]

1. c4 Nf6 2. Nc3 d5 3. cxd5 Nxd5 4. e4 Nxc3 5. dxc3 Qxd1+ 6. Kxd1 Nc6 7. Kc2 Bd7 8. Be3 O-O-O 9. Rd1 g6 10. Nf3 Bg7 11. Bc4 e6 12. Ng5 Be8 13. Rxd8+ Nxd8 14. Rd1 h6 15. Nh3 Nc6 16. Nf4 Bd7 17. f3 Rd8 18. Be2 Be8 19. Rxd8+ Kxd8 20. h4 b6 21. g4 Bf6 22. h5 g5 23. Ng2 Ne5 24. Ne1 Bc6 25. Nd3 Nxd3 26. Bxd3 Be5 27. Kd2 Ke7 28. Ke2 f6 29. Bc2 a5 30. Bd3 Kd6 31. Bc2 Bb7 32. Bd3 Bc6 33. Bc2 Bd7 34. Bd3 c5 35. Bc2 a4 36. Kd2 Bc6 37. b3 axb3 38. axb3 Bf4 39. Bd3 Ke5 40. Ke2 Bxe3 41. Kxe3 Bd7 42. Be2 f5 43. Bd3 fxg4 44. fxg4 Bc6 45. Bc2 Bb5 46. Kf3 Bf1 47. Kf2 Ba6 48. Ke3 Bb5 1/2-1/2

[Event "Quebec op"]
[Site "Montreal CAN"]
[Date "2004.07.18"]
[Round "2"]
[White "Libersan, Thierry"]
[Black "Laframboise, Marc-Andre"]
[Result "0-1"]
[WhiteElo "2016"]
[BlackElo "2215"]
[PlyCount "76"]
[GameId "2160767911095001"]
[EventDate "2004.07.17"]
[EventType "swiss"]
[EventRounds "9"]
[EventCountry "CAN"]

1. e4 c5 2. Nf3 d6 3. d4 cxd4 4. Nxd4 Nf6 5. Nc3 a6 6. Bg5 e6 7. f4 Qb6 8. Qd2 Qxb2 9. Rb1 Qa3 10. Be2 Be7 11. O-O O-O 12. Kh1 Qa5 13. Qe3 Re8 14. e5 dxe5 15. fxe5 Nfd7 16. Bf4 Bc5 17. Bf3 Ra7 18. Ne4 b6 19. Nxc5 Qxc5 20. Be4 Bb7 21. Bd3 Nc6 22. Qh3 g6 23. Nf3 Ncxe5 24. Ng5 h5 25. Be3 Qe7 26. Be2 f6 27. Nf3 Ng4 28. Bg1 Be4 29. Bd3 Bxd3 30. cxd3 Qd6 31. d4 Rc7 32. Nh4 Kg7 33. Qd3 Nde5 34. Qxa6 Nc4 35. h3 Nge3 36. Rf3 Qxd4 37. g3 g5 38. Ng2 Qe4 0-1

[Event "Quebec op"]
[Site "Montreal CAN"]
[Date "2004.07.18"]
[Round "2"]
[White "Morin, Daniel"]
[Black "Belfer, Leon"]
[Result "1/2-1/2"]
[WhiteElo "1407"]
[BlackElo "1493"]
[PlyCount "113"]
[GameId "2160767911095004"]
[EventDate "2004.07.17"]
[EventType "swiss"]
[EventRounds "9"]
[EventCountry "CAN"]
[SourceTitle "EXT 2009"]
[Source "ChessBase"]
[SourceDate "2008.11.26"]
[SourceVersion "1"]
[SourceVersionDate "2008.11.26"]
[SourceQuality "1"]

1. e4 e5 2. Nf3 Nc6 3. Bb5 a6 4. Bxc6 dxc6 5. O-O Bg4 6. d3 h5 7. h3 Qf6 8. Be3 Bxf3 9. Qxf3 Qxf3 10. gxf3 Bd6 11. Nd2 f5 12. f4 fxe4 13. fxe5 Bxe5 14. d4 Bd6 15. Nxe4 O-O-O 16. c4 Nh6 17. Rad1 Rhe8 18. f3 Nf5 19. Bf2 Be7 20. Rd3 Bh4 21. Bxh4 Nxh4 22. Ng3 Ng6 23. f4 h4 24. f5 hxg3 25. fxg6 Re2 26. b3 Rxa2 27. Rdf3 Rh2 28. Rf8 Rxh3 29. Rxd8+ Kxd8 30. Rf8+ Ke7 31. Rf7+ Ke6 32. Rxg7 Rh6 33. Rxc7 Rxg6 34. Rxb7 Rg4 35. Rb6 Kd6 36. d5 Rd4 37. Rxc6+ Ke5 38. Rxa6 Kf4 39. Rf6+ Kg4 40. d6 Rd1+ 41. Kg2 Rd2+ 42. Kf1 g2+ 43. Kg1 Kg3 44. Rg6+ Kf3 45. Kh2 g1=Q+ 46. Kxg1 Rd1+ 47. Kh2 Rd2+ 48. Kh3 Ke4 49. c5 Kd5 50. d7 Kxc5 51. Rg7 Kc6 52. Kg4 Rxd7 53. Rxd7 Kxd7 54. Kf3 Kc6 55. Ke3 Kb5 56. Kd3 Kb4 57. Kc2 1/2-1/2

[Event "Quebec op"]
[Site "Montreal CAN"]
[Date "2004.07.18"]
[Round "2"]
[White "Patterson, Roger"]
[Black "Plante, Michel"]
[Result "1-0"]
[WhiteElo "2238"]
[BlackElo "2009"]
[PlyCount "77"]
[GameId "2160767911095005"]
[EventDate "2004.07.17"]
[EventType "swiss"]
[EventRounds "9"]
[EventCountry "CAN"]

1. e4 d6 2. d4 Nf6 3. Nc3 g6 4. f4 Bg7 5. Nf3 c5 6. dxc5 Qa5 7. Bd3 Qxc5 8. Qe2 O-O 9. Be3 Qa5 10. O-O Bg4 11. h3 Bxf3 12. Qxf3 Nc6 13. a3 Nd7 14. Bd2 Qd8 15. g4 Nd4 16. Qf2 Nc5 17. Rab1 Nxd3 18. cxd3 Nb3 19. Be3 e6 20. Kh1 b6 21. f5 d5 22. d4 f6 23. Qc2 Na5 24. exd5 exf5 25. gxf5 g5 26. Rfe1 Rc8 27. Qd3 Qc7 28. Bf2 Qc4 29. Qf3 Nb3 30. Rbd1 Rc7 31. Re6 Rd8 32. Rc6 Rxc6 33. dxc6 Na5 34. d5 Bf8 35. Bg3 Bd6 36. Bxd6 Rxd6 37. Ne4 Rd8 38. Nxf6+ Kg7 39. Nd7 1-0